Imputación y derecho penal: estudios sobre la teoría de la imputación

Salvato in:
Dettagli Bibliografici
Autore principale: Hruschka, Joachim (Autore)
Natura: Libro
Lingua:spagnolo
Pubblicazione: Pamplona Aranzadi 2005
Edizione:1a. ed
Serie:The Global Law Collection
Soggetti:
Tags: Aggiungi Tag
Nessun Tag, puoi essere il primo ad aggiungerne!!

MARC

LEADER 00000nam a2200000 a 4500
001 UCJ1116
003 CL-VaPUC
008 060929e20050000SP |||||||||||||||||spa|d
020 |a 8497675444 
082 0 4 |a 345.46  |b HRU  |2 21 
100 0 |a Hruschka, Joachim  |e author  |9 501657 
245 1 0 |a Imputación y derecho penal: estudios sobre la teoría de la imputación 
250 |a 1a. ed 
300 |a 283 p 
942 |c BK 
945 |d 20060929 00:00:00  |a jtorresc 
260 |a Pamplona  |b Aranzadi  |c 2005 
650 7 |a DERECHO PENAL  |2 CL-VaPUC  |9 11 
650 7 |a IMPUTACION  |2 CL-VaPUC  |9 398298 
650 0 |a Derecho procesal penal   |9 256392 
650 0 |a Delitos  |9 224143 
651 0 |a España  |9 254926 
583 |a last modification  |c 20130608 02:26:26  |k Rodrigo Vera 
490 0 |a The Global Law Collection 
999 |c 317829  |d 317827 
952 |0 0  |1 0  |4 0  |6 345_460000000000000_HRU_2005  |7 0  |8 A  |9 394804  |a BIBDER  |b BIBDER  |d 2019-11-22  |i 4280857  |l 2  |o 345.46 HRU 2005  |p 4280857  |r 2024-09-16  |s 2024-09-09  |w 2019-11-22  |y BK  |k DER